"Julie and the Phantoms" Quotes - Statistics

General Stats
  • This quiz has been taken 631 times
  • The average score is 11 of 13
Answer Stats
Quote Answer % Correct
"Come on, Flynn! 911 means 911! Why aren't you answering?" Julie Molina
100%
"Our music. You dork." Luke Patterson
99%
"I guess I've always been kind of anxious, then I died and that didn't calm me down." Alex Mercer
96%
"Oh yeah, Bobby. Guess that vegetarian lucked out." Reggie Peters
96%
"Salt me a path to the kitchen!" Flynn
93%
"Besides, I don't want to have to clean out under my bed." Carlos Molina
86%
"Ah dude! You dinged my board!" Willie
84%
"Another winner." Carrie Wilson
83%
"I'm gonna go see my therapist, okay? Okay." Trevor (Bobby) Wilson
77%
"I stepped into that one." Nick
74%
"How do you like my new band?" Caleb Covington
73%
"Maybe you can tackle Mom's studio...?" Ray Molina
66%
"You guys are really good." Rose Molina
53%
No matching quizzes found
Score Distribution
Percent of People with Each Score
Percentile by Number Answered
Your Score History
You have not taken this quiz